Rzeki w Europie - nagła śmierć - Statystyki

Ogólne statystyki
  • Ten quiz został rozwiązany 156 razy
  • Średni wynik to 11 z 16
Answers on the Grid
Answers color-coded by a green-red scale on the quiz's grid according to % correct below.
Nil
Wisła
Amazonka
Wołga
Jangcy
Lena
Dunaj
Łaba
Rodan
Huang He
Pad
Eufrat
Tyber
Dniepr
Dniestr
Tygrys
Mura
Kongo
Cisa
Zambezi
Loara
Sekwana
Drawa
Ohio
Missisipi
Missouri
Ebro
Murray
Odra
Ganges
 
Statystyki odpowiedzi
Odpowiedź % Poprawnych
Wisła
99%
Wołga
95%
Dunaj
87%
Łaba
83%
Odra
83%
Sekwana
82%
Dniepr
79%
Dniestr
74%
Drawa
66%
Loara
66%
Cisa
61%
Rodan
55%
Pad
54%
Ebro
51%
Tyber
50%
Mura
32%
Nie znaleziono quizów pasujących do podanych kryteriów
Rozkład punktacji
Procent ludzi z każdym wynikiem
Percentyl według liczby udzielonych odpowiedzi
Twoja historia wyników
Nie rozwiązałeś tego quizu